Kinevezés
Správa o tom, že daňový praktikant Jozef (József) Kopcsó z Kráľovského Chlmca bol menovaný do funkcie daňového úradníka do mesta Nagykároly (dnes Carei - Rumunsko) v januári roku 1901.
| Médium: | Článok |
|---|---|
| Jazyk: | Hungarian |
| Témy: | |
| Zdroj: |
1. Felsőmagyarországi Hirlap : Politikai ujság 1. Roč. 4, č. 1 (03.01.1901) s. 2 |
| LEADER | 01045nab#a2200313#ar4500 | ||
|---|---|---|---|
| 001 | 000074872 | ||
| 003 | SVKKK | ||
| 005 | 20050607xxxxxxx. | ||
| 008 | 06 c xo huno | ||
| FMT | |||
| 038 | |a SVKKK | ||
| 040 | |a SVKKK |b slo |e AACR2 | ||
| 041 | 0 | |a hun | |
| 044 | |a xo |c SK | ||
| 080 | |a 336.22 | ||
| 242 | 1 | 0 | |a Vymenovanie |
| 245 | 0 | 0 | |a Kinevezés |
| 500 | |a mikrofilm | ||
| 520 | 2 | |a Správa o tom, že daňový praktikant Jozef (József) Kopcsó z Kráľovského Chlmca bol menovaný do funkcie daňového úradníka do mesta Nagykároly (dnes Carei - Rumunsko) v januári roku 1901. | |
| 650 | 0 | 4 | |a Kopscó, Jozef (praktikant daňový) - Kráľovský Chlmec (TV) - úradník daňový (funkcia) - Carei (RO) - menovanie úradné - rok 1901 - správy |
| 773 | 0 | |t Felsőmagyarországi Hirlap : Politikai ujság |g Roč. 4, č. 1 (03.01.1901) s. 2 | |
| 957 | |a Kráľovský Chlmec | ||
| 957 | |a Nagykároy pozri Carei | ||
| 958 | |a DG | ||
| 958 | |a SK | ||
| 974 | |a Ba |d 20050607 | ||
| 992 | |a RBX | ||
| BAS | |||
| 998 | |a RETRO | ||